Better Call Saul Episodes - Statistics

General Stats
  • This quiz has been taken 673 times
  • The average score is 26 of 63
Answer Stats
Season Episode Episode Name % Correct
6 11 {Breaking} Bad
91%
6 13 {Saul} Gone
91%
6 9 {Fun} and Games
80%
6 8 Point and {Shoot}
80%
6 3 Rock and {Hard} Place
79%
5 6 {Wexler} v. Goodman
78%
6 7 Plan and {Execution}
71%
1 5 Alpine {Shepherd} Boy
67%
5 9 Bad Choice {Road}
67%
6 4 {Hit} and Run
66%
6 5 Black and {Blue}
65%
1 1 Uno
65%
6 2 {Carrot} and Stick
61%
5 5 Dedicado a {Max}
56%
6 6 {Axe} and Grind
53%
6 12 Waterworks
53%
1 3 Nacho
52%
6 10 Nippy
52%
4 7 Something {Stupid}
52%
3 5 Chicanery
50%
5 3 The {Guy} for This
49%
4 5 Quite a {Ride}
48%
6 1 {Wine} and Roses
48%
5 10 Something {Unforgivable}
47%
3 3 {Sunk} Costs
47%
5 8 Bagman
46%
1 2 Mijo
46%
2 6 {Bali} Ha'i
45%
3 10 Lantern
44%
1 10 Marco
43%
1 6 Five-O
41%
5 1 {Magic} Man
39%
5 2 {50%} Off
37%
1 9 Pimento
37%
4 3 Something {Beautiful}
37%
4 10 Winner
35%
5 7 JMM
31%
1 4 Hero
28%
3 8 Slip
28%
2 4 {Gloves} Off
26%
3 6 Off {Brand}
26%
1 8 RICO
26%
1 7 Bingo
25%
3 9 Fall
24%
4 1 Smoke
24%
2 10 Klick
23%
4 8 Coushatta
22%
2 3 Amarillo
21%
2 8 Fifi
21%
2 5 Rebecca
21%
4 9 Wiedersehen
21%
3 4 Sabrosito
20%
2 1 Switch
20%
3 1 Mabel
19%
5 4 Namaste
19%
4 2 Breathe
18%
2 2 Cobbler
18%
2 7 Inflatable
17%
3 2 Witness
17%
2 9 Nailed
16%
4 6 Piñata
16%
4 4 Talk
15%
3 7 Expenses
12%
No matching quizzes found
Score Distribution
Percent of People with Each Score
Percentile by Number Answered
Your Score History
You have not taken this quiz